Humanitárna pomoc v 21. storočí diplomová práca

Salvato in:
Dettagli Bibliografici
Autore principale: Pari Kimbemba, Aime Madlin
Ente Autore: Fakulta medzinárodných vzťahov EU. Katedra medzinárodných ekonomických vzťahov a hospodárskej diplomacie
Altri autori: Černota, Mikuláš, 1979-
Natura: Libro
Lingua:slovacco
Pubblicazione: Bratislava 2020
Tags: Aggiungi Tag
Nessun Tag, puoi essere il primo ad aggiungerne!!

MARC

LEADER 00000nbm a2200000 4500
001 0265705
005 20200910111041.1
041 0 |a slo 
044 |a SK 
245 1 0 |a Humanitárna pomoc v 21. storočí  |b diplomová práca  |c Aime Madlin Pari Kimbemba ; školiteľ: Mikuláš Černota 
264 1 |a Bratislava  |c 2020 
300 |a 84 s. 
100 1 |a Pari Kimbemba, Aime Madlin 
700 1 |a Černota, Mikuláš, 1979- 
710 2 |a Fakulta medzinárodných vzťahov EU. Katedra medzinárodných ekonomických vzťahov a hospodárskej diplomacie